Explanatory note to the geological map of the PDRY (Запись № 9253713)

Подробности
000 -МАРКЕР
контрольное поле 01458nam0a22003011 4500
001 - ИДЕНТИФИКАТОР ЗАПИСИ
контрольное поле RU\NLR\INFOCOMM_17\5000671041
005 - ИДЕНТИФИКАТОР ВЕРСИИ
контрольное поле 20250613095513.0
035 ## - ДРУГИЕ СИСТЕМНЫЕ НОМЕРА
Идентификатор записи (NLR Aleph) 009296705
100 ## - ДАННЫЕ ОБЩЕЙ ОБРАБОТКИ
Данные общей обработки 20101008d1990 |||y0rusy50 ca
101 1# - ЯЗЫК РЕСУРСА
Язык текста, звукозаписи и т.д. английский
Язык оригинала русский
102 ## - СТРАНА ПУБЛИКАЦИИ ИЛИ ПРОИЗВОДСТВА
Страна публикации йемен
-- российская федерация
105 ## - ПОЛЕ КОДИРОВАННЫХ ДАННЫХ: ТЕКСТОВЫЕ МАТЕРИАЛЫ, МОНОГРАФИЧЕСКИЕ
Кодированные данные о монографическом текстовом документе a ||||000|y
200 1# - ЗАГЛАВИЕ И СВЕДЕНИЯ ОБ ОТВЕТСТВЕННОСТИ
Основное заглавие Explanatory note to the geological map of the PDRY
Сведения, относящиеся к заглавию Scale 1:100000
-- Sheet 'Ayād, D-38-46
Первые сведения об ответственности Min. of energy a. minerals. Dep. of geology a. mineral exploration, Aden, PDRY, Min. of geology of the USSR. V/O Zarubezhgeologiya, Moscow, USSR
Последующие сведения об ответственности Comp. by V. S. Degtyariov, Dr V. E. Zabrodin
-- Ed. by Dr V. E. Zabrodin
-- [Transl. from Russ. by V. M. Evdokimov]
210 ## - ПУБЛИКАЦИЯ, РАСПРОСТРАНЕНИЕ И ДР.
Место издания, распространения и т.д. Aden
-- Μ.
Имя издателя, распространителя и т. д. Board of minerals. Aden branch
Дата издания, распространения и т.д. 1990
215 ## - ФИЗИЧЕСКАЯ ХАРАКТЕРИСТИКА
Специфическое обозначение материала и объем 15 с.
Другие сведения о физической характеристике карт.
Размеры 21 см
320 ## - ПРИМЕЧАНИЯ О НАЛИЧИИ В ДОКУМЕНТЕ БИБЛИОГРАФИИ / УКАЗАТЕЛЯ
Текст примечания Библиогр.: с. 15
607 ## - ГЕОГРАФИЧЕСКОЕ НАИМЕНОВАНИЕ КАК ПРЕДМЕТ
Географическое наименование Йемен, Народная Демократическая Республика
Формальный подзаголовок Геологические карты
Код системы nlr_sh1
686 ## - ИНДЕКСЫ ДРУГИХ КЛАССИФИКАЦИЙ
Индекс Д59(53Йен)я64
Код системы
702 #1 - ИМЯ ЛИЦА - ВТОРИЧНАЯ ОТВЕТСТВЕННОСТЬ
Системный номер авторитетной/нормативной записи z01790
Начальный элемент ввода Degtjarev
Часть имени, кроме начального элемента ввода V. S.
Расширение инициалов личного имени Vasilij Savel'evič
Код отношения Составитель
702 #1 - ИМЯ ЛИЦА - ВТОРИЧНАЯ ОТВЕТСТВЕННОСТЬ
Начальный элемент ввода Zabrodin
Часть имени, кроме начального элемента ввода V. E.
Расширение инициалов личного имени Vladimir Evgen'evič
Код отношения Редактор
712 01 - НАИМЕНОВАНИЕ ОРГАНИЗАЦИИ - ВТОРИЧНАЯ ОТВЕТСТВЕННОСТЬ
Начальный элемент ввода People's Democratic Republic of Yemen
Структурное подразделение Ministry of energy and minerals
-- Department of geology and mineral exploration
Код отношения Прочие
790 #1 - ИМЯ ЛИЦА - АЛЬТЕРНАТИВНАЯ ФОРМА
Системный номер авторитетной/нормативной записи z01702
Начальный элемент ввода Degtyariov
Часть имени, кроме начального элемента ввода V. S.
Код отношения Составитель
801 #1 - ИСТОЧНИК ЗАПИСИ
Страна российская федерация
Организация NLR
Дата составления 20101008
801 #0 - ИСТОЧНИК ЗАПИСИ
Страна российская федерация
Организация NLR
Правила каталогизации PSBO
852 ## - МЕСТОНАХОЖДЕНИЕ И ШИФР ХРАНЕНИЯ
Идентификатор организации NLR
Шифр хранения (Call Number) К Текст/802
942 ## - ДОПОЛНИТЕЛЬНЫЕ ЭЛЕМЕНТЫ ЗАПИСИ (АБИС)
Тип экземпляра АБИС Книга
980 ## - КОЛЛЕКЦИЯ
Название коллекции Национальная библиография
Экземпляры
Тип экземпляра Дата поступления Библиотека постоянного хранения Библиотека текущего хранения Место хранения Шифр хранения Штрих-код Статус не для выдачи
Книга 26.10.2013 РНБ (Московский) РНБ (Московский) Иностранный книжный фонд К Текст/802 9296705-10